Michael Vey: (Record no. 48179)
| 000 -LEADER | |
|---|---|
| fixed length control field | 00872cam a2200217 i 4500 |
| 001 - CONTROL NUMBER | |
| control field | 18241695 |
| 005 - DATE AND TIME OF LATEST TRANSACTION | |
| control field | 20260202101231.0 |
| 020 ## - INTERNATIONAL STANDARD BOOK NUMBER | |
| International Standard Book Number | 9781481424387 (hardback) |
| 100 1# - MAIN ENTRY--PERSONAL NAME | |
| Personal name | Evans, Richard Paul. |
| 245 10 - TITLE STATEMENT | |
| Title | Michael Vey: |
| Remainder of title | hunt for Jade dragon / |
| Statement of responsibility, etc | Richard Paul Evans. |
| 260 ## - PUBLICATION, DISTRIBUTION, ETC. (IMPRINT) | |
| Place of publication, distribution, etc | New York: |
| Name of publisher, distributor, etc | Mercury Ink; |
| Date of publication, distribution, etc | 2014. |
| 300 ## - PHYSICAL DESCRIPTION | |
| Extent | 319 pages ; |
| Dimensions | 24 cm |
| 500 ## - GENERAL NOTE | |
| General note | Sequel to: Michael Vey. 3, Battle of the Ampere. |
| 520 ## - SUMMARY, ETC. | |
| Summary, etc | Michael, Taylor, Ostin, and the rest of the Electroclan head to Taiwan in search of nine-year-old child prodigy Lin Julung, or Jade Dragon, who the Elgen kidnapped for Hatch's army of electric children. |
| 521 1# - TARGET AUDIENCE NOTE | |
| Target audience note | Ages 12 up. |
| 650 #1 - SUBJECT ADDED ENTRY--TOPICAL TERM | |
| Topical term or geographic name as entry element | Friendship. Electricity. Tourette syndrome. Gifted children. |
| Form subdivision | Fiction. |
| 9 (RLIN) | 85928 |
| 650 #1 - SUBJECT ADDED ENTRY--TOPICAL TERM | |
| Topical term or geographic name as entry element | Genius. |
| 9 (RLIN) | 85929 |
| 650 #1 - SUBJECT ADDED ENTRY--TOPICAL TERM | |
| Topical term or geographic name as entry element | Kidnapping. |
| 9 (RLIN) | 71257 |
| 655 ## - INDEX TERM--GENRE/FORM | |
| Genre/form data or focus term | Science Fiction. |
| 942 ## - ADDED ENTRY ELEMENTS (KOHA) | |
| Source of classification or shelving scheme | |
| Koha item type | J FIC BOOKS |
| Withdrawn status | Lost status | Source of classification or shelving scheme | Damaged status | Not for loan | Collection code | Home library | Current library | Shelving location | Date acquired | Full call number | Barcode | Date last seen | Price effective from | Koha item type |
|---|---|---|---|---|---|---|---|---|---|---|---|---|---|---|
| SECONDARY | Asian Hope Secondary Library | Asian Hope Secondary Library | Junior Fiction | 01/13/2025 | J FIC EVA BK.4 | 207422 | 01/16/2026 | 01/13/2025 | J FIC BOOKS |